000 00263nam a22001217a 4500
008 170802b xxu||||| |||| 00| 0 eng d
041 _aeng
080 _22ND
_a004
100 _a32
101 _aSHK
245 _aDATABASE PROCESSING
_cKROENKE,D
942 _2udc
_cBK
999 _c22520
_d22520